| 000 | 00530nam a22001817a 4500 | ||
|---|---|---|---|
| 005 | 20251108165022.0 | ||
| 008 | 250721s1990 xx 000 0 ara d | ||
| 082 | 1 | 4 | _a927.8/بته |
| 100 | 1 | _aالبستاني، صلاح الدين | |
| 245 | 1 | 0 | _aالموسيقار العبقري الأهم بيتهوفن / |
| 264 | 1 |
_aالقاهرة : _bدار العرب، _c1990. |
|
| 300 | _a287ص | ||
| 650 | 1 | 7 | _aالموسيقى |
| 650 | 1 | 7 | _aالتراجم |
| 650 | 1 | 7 | _aالموسيقيون |
| 942 |
_2ddc _cBK |
||
| 999 |
_c20037 _d20037 |
||